[Event "Revenge"]
[Site "http://www.queenalice.com/game.php?id=1106390"]
[Date "2012.9.25"]
[Round "-"]
[White "csokol"]
[Black "srsaude"]
[Result "0-1"]
[WhiteElo "1205"]
[BlackElo "1256"]

1. b3 c5 2. a4 d5 3. Nc3 Nf6 4. Ba3 e6 5. d4 Nbd7 6. dxc5 Ne5 7. Nf3 Nfg4 8.
Nxe5 Nxe5 9. e3 Be7 10. g3 O-O 11. f4 Qa5 12. b4 Qc7 13. fxe5 Qxe5 14. Qe2 Qxc3+
15. Kf2 Qxa1 16. Qd3 Bf6 17. Bg2 Qe5 18. c3 Qxc3 19. Qxc3 Bxc3 20. Rc1 d4 21. c6
Bd2 22. Rd1 Bxe3+ 23. Kf1 bxc6 24. Bxc6 Ba6+ 25. b5 Rac8 26. Be4 Rfd8 27. bxa6
h5 28. Bc1 Bxc1 29. Rxc1 Rxc1+ 30. Kg2 g5 31. h3 Rb8 32. Bf3 Rb2+ 33. Be2 Rxe2+
34. Kf3 Re3+ 35. Kf2 Rc2+ 36. Kf1 Rb3 37. Ke1 Rb1# 0-1

[Event "Revanche"]
[Site "http://www.queenalice.com/game.php?id=1108546"]
[Date "2012.10.2"]
[Round "-"]
[White "mizuta"]
[Black "csokol"]
[Result "1-0"]
[WhiteElo "1258"]
[BlackElo "1118"]

1. e4 c5 2. d3 d6 3. c4 Nc6 4. b3 Nd4 5. Nc3 Qa5 6. Bd2 Be6 7. Nf3 Bg4 8. Nd5
Rc8 9. h3 Bh5 10. g4 Bg6 11. Bxa5 b6 12. Bc3 e6 13. Nf4 Nxf3+ 14. Qxf3 f5 15.
Nxe6 fxe4 16. Nxg7+ Ke7 17. dxe4 h6 18. O-O-O Rh7 19. Rd5 Rxg7 20. Bxg7 Bxg7 21.
g5 hxg5 22. Rxg5 Bh6 23. Rg1 Rf8 24. Qe3 Nf6 25. f4 Rg8 26. e5 Ne8 27. Rxg6 Rxg6
28. Rxg6 Bf8 29. exd6+ Kd7 30. Qe6+ Kd8 31. d7 Ng7 32. Qf6+ Be7 33. Qxg7 Kxd7
34. f5 Ke8 35. f6 Bd8 36. f7+ Kd7 37. f8=Q+ Kc8 38. Rc6+ Kb8 39. Qxd8# 1-0

[Event "Challenge"]
[Site "http://www.queenalice.com/game.php?id=1109291"]
[Date "2012.10.4"]
[Round "-"]
[White "csokol"]
[Black "srsaude"]
[Result "1-0"]
[WhiteElo "1066"]
[BlackElo "1355"]

1. a4 e5 2. b3 d5 3. Ba3 c5 4. Nc3 Nf6 5. Nf3 Nc6 6. d3 d4 7. Ne4 Nxe4 8. dxe4
Be7 9. g3 O-O 10. Rc1 Bg4 11. h3 Bxf3 12. exf3 a6 13. f4 b5 14. fxe5 Nxe5 15.
Qh5 Qd6 16. c3 Qf6 17. cxd4 cxd4 18. Bxe7 Qxe7 19. axb5 axb5 20. Bxb5 Qb4+ 21.
Kf1 Qxb5+ 22. Kg2 Rae8 23. f4 Qe2+ 24. Qxe2 Nd7 25. Rhd1 Nf6 26. Rxd4 Nxe4 27.
Rxe4 Rxe4 28. Qxe4 g6 29. Rc7 f5 30. Qd5+ Kh8 31. Rf7 Kg8 32. Rxf8+ Kxf8 33. Qe6
h6 34. Qxg6 h5 35. Qxf5+ Ke7 36. Qxh5 Ke6 37. f5+ Ke5 38. b4 Kf6 39. b5 Ke5 40.
b6 Kf6 41. b7 Ke5 42. b8=Q+ Kf6 43. Qf8+ Ke5 44. Qc5+ Kf6 45. Qd6+ Kg7 46. Qe7+
Kg8 47. Qhh7# 1-0

[Event "Challenge"]
[Site "http://www.queenalice.com/game.php?id=1111416"]
[Date "2012.10.11"]
[Round "-"]
[White "csokol"]
[Black "Dulce"]
[Result "0-1"]
[WhiteElo "1181"]
[BlackElo "1516"]

1. e4 e5 2. c3 Nf6 3. f3 Bc5 4. d4 exd4 5. cxd4 Bb4+ 6. Bd2 Nc6 7. d5 Bxd2+ 8.
Qxd2 Ne5 9. f4 Nc4 10. Qc3 Nb6 11. e5 Nfxd5 12. Qa3 c6 13. g3 d6 14. Qxd6 Qxd6
15. exd6 O-O 16. Nd2 Bf5 17. Ngf3 Rae8+ 18. Kd1 Ne3+ 19. Ke2 Nbd5 20. Rc1 g6 21.
h3 Nb4 22. d7 Bxd7 23. a3 Na2 24. Rc3 Nxc3+ 25. bxc3 c5 26. Ne5 Bc6 0-1

[Event "Revanche (sem vacilar dessa vez)"]
[Site "http://www.queenalice.com/game.php?id=1117825"]
[Date "2012.10.31"]
[Round "-"]
[White "srsaude"]
[Black "csokol"]
[Result "1-0"]
[WhiteElo "1277"]
[BlackElo "1171"]

1. e4 e5 2. Nf3 f6 3. d4 exd4 4. Qxd4 Nc6 5. Qa4 a6 6. c4 Bb4+ 7. Bd2 Bxd2+ 8.
Nbxd2 Nge7 9. Rd1 g5 10. Nb3 h5 11. h4 g4 12. Nfd4 Rb8 13. c5 b5 14. Qa3 d5 15.
Na5 Nxa5 16. Qxa5 Bb7 17. Ne6 Qd7 18. Nxc7+ 1-0

[Event "Challenge"]
[Site "http://www.queenalice.com/game.php?id=1136827"]
[Date "2013.1.3"]
[Round "-"]
[White "csokol"]
[Black "srsaude"]
[Result "0-1"]
[WhiteElo "1088"]
[BlackElo "1372"]

1. b3 d5 2. c4 Nf6 3. Nc3 c6 4. d4 Qa5 5. Bd2 Qa3 6. Na4 h6 7. c5 g5 8. Nf3 Bg7
9. Bc3 Ne4 10. Rc1 Qxa2 11. Bb4 Na6 12. Bc3 Qa3 13. Nd2 Nb4 14. Ra1 Nxc3 15. Qc1
Nc2+ 16. Qxc2 Qxa1+ 17. Nb1 Nxb1 18. f3 Bxd4 19. e3 Bxe3 20. Bd3 Nc3+ 21. Qd1
Qxd1# 0-1

[Event "Challenge"]
[Site "http://www.queenalice.com/game.php?id=1136829"]
[Date "2013.1.3"]
[Round "-"]
[White "csokol"]
[Black "mizuta"]
[Result "0-1"]
[WhiteElo "1135"]
[BlackElo "1264"]

1. b3 e5 2. Ba3 d6 3. c4 g6 4. Nc3 Nf6 5. Nd5 b6 6. Nxf6+ Qxf6 7. Nf3 Bb7 8. g4
g5 9. e4 Bxe4 10. Bg2 Qf4 11. d3 Qxg4 12. Rg1 Bf5 13. Qe2 Bg7 14. Bb2 Qh5 15. h3
g4 16. hxg4 Bxg4 17. Rh1 Bxf3 18. Bxf3 Qg5 19. d4 c6 20. Bc1 Qg6 21. Bh5 Qg2 22.
Rh4 Qg1+ 23. Kd2 Bh6+ 24. f4 Qxd4+ 25. Kc2 Qxa1 26. a4 Qa2+ 27. Bb2 Na6 28. Rh1
Nb4+ 29. Kc3 c5 30. Ra1 Bxf4 31. Qd1 O-O-O 32. Bxf7 e4 33. Qf1 Be5+ 34. Kd2
Qxb2+ 35. Ke3 Qd4+ 36. Ke2 Qd3+ 37. Ke1 Nc2+ 38. Kf2 e3+ 39. Kg1 e2 40. Qh3+
Qxh3 41. Bd5 Qh2# 0-1

[Event "AUTO-OPEN-2905"]
[Site "http://www.queenalice.com/game.php?id=1146844"]
[Date "2013.1.30"]
[Round "1"]
[White "clovis"]
[Black "csokol"]
[Result "1-0"]
[WhiteElo "1961"]
[BlackElo "1079"]

1. e4 Nf6 2. Nc3 b6 3. Bc4 Ba6 4. Bxa6 Nxa6 5. d4 c5 6. Nf3 cxd4 7. Qxd4 Rc8 8.
Bg5 Rxc3 9. Bxf6 gxf6 10. Qxc3 Nc5 11. O-O-O Nxe4 12. Qe3 Ng5 13. Nxg5 fxg5 14.
Qxg5 h6 15. Qe5 d6 16. Qxh8 f6 17. Rhe1 Kd7 18. Qh7 Kc8 19. Qf7 e5 20. f4 Qe7
21. Qxe7 Bxe7 22. fxe5 fxe5 23. Rf1 Bg5+ 24. Kb1 Kd7 25. Rf7+ Ke6 26. Rxa7 Bd8
27. Rb7 e4 28. g3 d5 29. h4 Ke5 30. Rd7 Bf6 31. R1xd5+ Ke6 32. R7d6+ Kf7 33. Rf5
e3 34. Rfxf6+ Ke7 35. Kc1 1-0

[Event "AUTO-OPEN-2905"]
[Site "http://www.queenalice.com/game.php?id=1146845"]
[Date "2013.1.30"]
[Round "1"]
[White "csokol"]
[Black "clovis"]
[Result "0-1"]
[WhiteElo "1088"]
[BlackElo "1965"]

1. d4 d5 2. c3 Bf5 3. Nd2 Nc6 4. Ndf3 Nf6 5. Qa4 e6 6. b4 Bd6 7. g3 O-O 8. Bg5
a6 9. h3 Qd7 10. g4 Bg6 11. Rc1 Nxd4 12. Qxd7 Nxf3+ 13. exf3 Nxd7 14. Ne2 f5 15.
Nd4 fxg4 16. fxg4 Ne5 17. f4 Nd3+ 18. Bxd3 Bxd3 19. f5 exf5 20. gxf5 Bxf5 21.
Nxf5 Rxf5 22. Be3 Re8 23. Ke2 Rfe5 24. Kd2 Rxe3 25. Rhe1 Bf4 26. Rf1 Re2+ 27.
Kd1 Bxc1 28. Kxc1 Rxa2 0-1

[Event "AUTO-OPEN-2905"]
[Site "http://www.queenalice.com/game.php?id=1146868"]
[Date "2013.1.30"]
[Round "1"]
[White "csokol"]
[Black "Rafale2000"]
[Result "0-1"]
[WhiteElo "1079"]
[BlackElo "2039"]

1. d4 Nf6 2. c3 b5 3. Qb3 a6 4. c4 Nc6 5. Be3 bxc4 6. Qxc4 g6 7. Nf3 Bg7 8. Nc3
Bb7 9. Qb3 Rb8 10. Bg5 h6 11. Bxf6 Bxf6 12. e4 Nxd4 13. Nxd4 Bxd4 14. Rd1 Bxe4
15. Rxd4 Rxb3 16. axb3 Bb7 17. g3 Bxh1 18. Bxa6 d6 19. Bb5+ c6 20. Bxc6+ Bxc6
21. Rc4 Qb6 22. b4 Kd7 23. Na4 Bxa4 24. b3 Bxb3 0-1

[Event "AUTO-OPEN-2905"]
[Site "http://www.queenalice.com/game.php?id=1146869"]
[Date "2013.1.30"]
[Round "1"]
[White "Rafale2000"]
[Black "csokol"]
[Result "0-1"]
[WhiteElo "2039"]
[BlackElo "1088"]

1. f4 g6 2. Nf3 Bh6 3. e3 Nf6 4. b3 Nd5 5. Bb2 Rf8 6. g4 f5 7. g5 Bxg5 8. Nxg5
h6 9. Nf3 g5 10. fxg5 hxg5 11. Nxg5 e6 12. Qh5+ Ke7 13. Ba3+ d6 14. Bc4 Nf6 15.
Nc3 Nxh5 0-1

[Event "AUTO-OPEN-2905"]
[Site "http://www.queenalice.com/game.php?id=1146870"]
[Date "2013.1.30"]
[Round "1"]
[White "csokol"]
[Black "DiegoTinoco"]
[Result "0-1"]
[WhiteElo "1079"]
[BlackElo "1491"]

1. d4 d5 2. e3 Nf6 3. Bd3 Bg4 4. Nf3 e6 5. Bb5+ c6 6. Ba4 b5 7. Bb3 a5 8. h3 Bh5
9. g4 Bg6 10. a4 b4 11. Ne5 Bd6 12. Nxg6 hxg6 13. c3 bxc3 14. bxc3 Nbd7 15. c4
Be7 16. cxd5 exd5 17. O-O Rxh3 18. Kg2 Rh4 19. f3 Qc7 20. Rh1 g5 21. f4 Rxg4+
22. Kf1 Ne4 23. Qxg4 Ndf6 24. Rh8+ Bf8 25. Qh3 gxf4 26. exf4 c5 27. Nd2 Qxf4+
28. Qf3 Nxd2+ 29. Ke2 Qxf3+ 30. Kxd2 Qxb3 31. Ra3 Ne4+ 32. Ke1 Qb4+ 33. Kd1
Qxd4+ 0-1

[Event "AUTO-OPEN-2905"]
[Site "http://www.queenalice.com/game.php?id=1146871"]
[Date "2013.1.30"]
[Round "1"]
[White "DiegoTinoco"]
[Black "csokol"]
[Result "1-0"]
[WhiteElo "1491"]
[BlackElo "1076"]

1. e4 Nf6 2. e5 Nd5 3. d4 Nc6 4. Bc4 e6 5. a3 a6 6. Nf3 b5 7. Bxd5 exd5 8. Nc3
Ne7 9. Bg5 h6 10. Bh4 g5 11. Bg3 Bb7 12. h3 a5 13. Nxb5 Ba6 14. Nc3 c6 15. Nh2
Rb8 16. e6 dxe6 17. Bxb8 Qxb8 18. b3 Nf5 19. g3 Qd6 20. Nf3 c5 21. Ne2 cxd4 22.
Nfxd4 Bxe2 23. Nxe2 Qe5 24. O-O Bc5 25. Kg2 Bd4 26. Nxd4 Qxd4 27. Qxd4 Nxd4 28.
Rac1 O-O 29. Rfd1 Nf5 30. c4 dxc4 31. Rxc4 Ne7 32. Rc5 Ra8 33. Rdc1 f5 34. Re5
Ra6 35. Rc7 Kf8 36. Rcc5 h5 37. Rxa5 Rxa5 38. Rxa5 Ng6 39. b4 f4 40. Rxg5 fxg3
41. Rxg6 1-0

[Event "Challenge"]
[Site "http://www.queenalice.com/game.php?id=1156058"]
[Date "2013.2.27"]
[Round "-"]
[White "mizuta"]
[Black "csokol"]
[Result "1-0"]
[WhiteElo "1436"]
[BlackElo "1079"]

1. e4 g6 2. d4 Nf6 3. e5 Nd5 4. g3 d6 5. Bg2 c6 6. c4 Nb6 7. b3 dxe5 8. dxe5
Qxd1+ 9. Kxd1 Bg4+ 10. f3 Bh5 11. g4 Bxg4 12. fxg4 Bg7 13. Bb2 N6d7 14. Nd2 Nxe5
15. g5 Nd3 16. Bxg7 Nf2+ 17. Ke2 Nxh1 18. Bxh8 f6 19. gxf6 exf6 20. Bxh1 Nd7 21.
Ne4 O-O-O 22. Bxf6 Re8 23. Bd4 Nb8 24. Bxa7 Re7 25. Rd1 Na6 26. Bb6 h6 27. Rd8#
1-0

[Event "Caelum"]
[Site "http://www.queenalice.com/game.php?id=1158515"]
[Date "2013.3.6"]
[Round "1"]
[White "csokol"]
[Black "srsaude"]
[Result "1-0"]
[WhiteElo "1076"]
[BlackElo "1452"]

1. e4 e5 2. Nf3 Nc6 3. Bb5 Nf6 4. Nc3 Bc5 5. Bxc6 dxc6 6. Nxe5 Ng4 7. Nxg4 h5 8.
Ne5 Qf6 9. Nf3 Bg4 10. Na4 Be7 11. h3 Bd7 12. d4 Qg6 13. Bf4 Qxg2 14. Ke2 b5 15.
Nc5 Bc8 16. Qd3 O-O 17. Rag1 Qxh3 18. Rxh3 Bxh3 19. Ne5 Bc8 20. Nxc6 Bg4+ 21.
Rxg4 hxg4 22. Nxe7+ Kh8 23. Qd1 Rfe8 24. Qh1# 1-0

[Event "AUTO-BEG-575"]
[Site "http://www.queenalice.com/game.php?id=1160609"]
[Date "2013.3.13"]
[Round "1"]
[White "fisionboy"]
[Black "csokol"]
[Result "1-0"]
[WhiteElo "1308"]
[BlackElo "1160"]

1. d4 d5 2. c4 dxc4 3. Nc3 Nc6 4. e3 Nf6 5. Nf3 b6 6. Bxc4 Be6 7. Bb5 Bd7 8. O-O
a6 9. Bc4 b5 10. Bb3 a5 11. Nxb5 Na7 12. Nc3 Rb8 13. Qc2 Rxb3 14. Qxb3 Bg4 15.
Ne5 1-0

[Event "AUTO-BEG-575"]
[Site "http://www.queenalice.com/game.php?id=1160610"]
[Date "2013.3.13"]
[Round "1"]
[White "csokol"]
[Black "fisionboy"]
[Result "0-1"]
[WhiteElo "1173"]
[BlackElo "1291"]

1. e4 c5 2. d4 cxd4 3. Qxd4 Nc6 4. Qa4 Nf6 5. b4 e5 6. Bg5 Be7 7. Bxf6 Bxf6 8.
Nc3 O-O 9. Nb5 Be7 10. a3 a6 11. Nc3 d6 12. Nf3 Bg4 13. h3 Bxf3 14. gxf3 Nd4 15.
Rd1 Nxf3+ 16. Ke2 b5 0-1

[Event "AUTO-BEG-575"]
[Site "http://www.queenalice.com/game.php?id=1160621"]
[Date "2013.3.13"]
[Round "1"]
[White "gambittree3"]
[Black "csokol"]
[Result "0-1"]
[WhiteElo "1299"]
[BlackElo "1146"]

1. b4 e5 2. Bb2 Nc6 3. Nf3 Bxb4 4. c3 Bd6 5. c4 e4 6. Nd4 Nxd4 7. Bxd4 c5 8.
Bxg7 f6 9. e3 Qe7 10. d3 exd3 11. Bxh8 Kf8 12. Qxd3 Nh6 13. f4 Kg8 14. Nc3 Kxh8
15. Be2 b6 16. O-O Rb8 17. Nd5 Qg7 18. g3 b5 19. Bh5 Ba6 20. Rab1 bxc4 21. Qe2
Rxb1 22. Rxb1 Nf5 23. Bg4 Qg6 24. Rb8+ Bxb8 25. h3 Bb7 26. Ne7 Qf7 27. Nxf5 c3
28. Qc2 Qc4 29. Bh5 Be4 30. Qd1 Bxf5 31. Qxd7 Bxd7 32. Kg2 Qe6 0-1

[Event "AUTO-BEG-575"]
[Site "http://www.queenalice.com/game.php?id=1160622"]
[Date "2013.3.13"]
[Round "1"]
[White "csokol"]
[Black "gambittree3"]
[Result "1-0"]
[WhiteElo "1117"]
[BlackElo "1299"]

1. e4 d6 2. Bb5+ c6 3. Ba4 b5 4. Bb3 Nf6 5. d3 e6 6. c4 e5 7. cxb5 d5 8. exd5
Nxd5 9. bxc6 Nc7 10. Nf3 Nxc6 11. Ba4 g6 12. Bxc6+ Bd7 13. Qa4 Bb4+ 14. Bd2 Rb8
15. a3 O-O 16. axb4 Bg4 17. Bc3 Bxf3 18. gxf3 Qxd3 19. Qxa7 Qd8 20. Bxe5 f6 21.
Bxc7 Qe7+ 22. Kf1 Rbe8 23. Na3 Rc8 24. Bd5+ Kg7 25. Rc1 Qxb4 26. Ba5+ Rf7 27.
Bxb4 Rxa7 28. Rxc8 Kh6 29. Kg2 Kg7 30. Rhc1 Kh6 31. R1c7 Rxc7 32. Rxc7 f5 33.
Bg8 1-0